Combien de ville de Cote d'Or (21) connais-tu ? - Statistiques

Statistiques générales
  • Ce quiz a été pris 9 fois
  • Le résultat moyen est 62 sur 698
Statistiques - réponses
Code postal Ville % Correct
21000 Dijon
100%
21200 Beaune
88%
21560 Arc-sur-Tille
63%
21300 Chenôve
63%
21130 Auxonne
50%
21120 Is-sur-Tille
50%
21604 Longvic
50%
21700 Nuits-Saint-Georges
50%
21320 Pouilly-en-Auxois
50%
21850 Saint-Apollinaire
50%
21170 Saint-Jean-de-Losne
50%
21121 Ahuy
38%
21700 Arcenant
38%
21310 Bèze
38%
21310 Bézouotte
38%
21200 Bligny-lès-Beaune
38%
21360 Bligny-sur-Ouche
38%
21220 Brochon
38%
21500 Buffon
38%
21320 Châteauneuf
38%
21400 Châtillon-sur-Seine
38%
21806 Chevigny-Saint-Sauveur
38%
21121 Daix
38%
21220 Fixin
38%
21121 Fontaine-lès-Dijon
38%
21220 Gevrey-Chambertin
38%
21220 Messanges
38%
21190 Meursault
38%
21500 Montbard
38%
21130 Pont
38%
21270 Pontailler-sur-Saône
38%
21800 Quetigny
38%
21210 Saulieu
38%
21420 Savigny-lès-Beaune
38%
21260 Selongey
38%
21140 Semur-en-Auxois
38%
21250 Seurre
38%
21240 Talant
38%
21120 Til-Châtel
38%
21700 Villers-la-Faye
38%
21700 Agencourt
25%
21410 Agey
25%
21510 Aignay-le-Duc
25%
21110 Aiserey
25%
21390 Aisy-sous-Thil
25%
21150 Alise-Sainte-Reine
25%
21420 Aloxe-Corton
25%
21410 Ancey
25%
21360 Antheuil
25%
21310 Arceau
25%
21410 Arcey
25%
21320 Arconcey
25%
21700 Argilly
25%
21230 Arnay-le-Duc
25%
21350 Arnay-sous-Vitteaux
25%
21540 Aubigny-lès-Sombernon
25%
21410 Barbirey-sur-Ouche
25%
21410 Baulme-la-Roche
25%
21310 Beaumont-sur-Vingeanne
25%
21310 Beire-le-Châtel
25%
21310 Belleneuve
25%
21270 Binges
25%
21540 Blaisy-Bas
25%
21540 Blaisy-Haut
25%
21610 Bourberain
25%
21200 Bouze-lès-Beaune
25%
21560 Bressey-sur-Tille
25%
21250 Broin
25%
21220 Broindon
25%
21120 Chaignay
25%
21110 Chambeire
25%
21250 Chamblanc
25%
21220 Chambœuf
25%
21220 Chambolle-Musigny
25%
21500 Champ-d'Oiseau
25%
21310 Charmes
25%
21350 Charny
25%
21700 Chaux
25%
21260 Chazeuil
25%
21310 Cheuge
25%
21320 Civry-en-Montagne
25%
21910 Corcelles-lès-Cîteaux
25%
21160 Corcelles-les-Monts
25%
21460 Époisses
25%
21150 Flavigny-sur-Ozerain
25%
21610 Fontaine-Française
25%
21110 Genlis
25%
21550 Ladoix-Serrigny
25%
21760 Lamarche-sur-Saône
25%
21310 Magny-Saint-Médard
25%
21160 Marsannay-la-Côte
25%
21310 Mirebeau-sur-Bèze
25%
21370 Plombières-lès-Dijon
25%
21630 Pommard
25%
21250 Pouilly-sur-Saône
25%
21370 Prenois
25%
21490 Saint-Julien
25%
21190 Saint-Romain
25%
21590 Santenay
25%
21220 Semezanges
25%
21800 Sennecey-lès-Dijon
25%
21540 Sombernon
25%
21490 Varois-et-Chaignot
25%
Vitteaux
25%
Vougeot
25%
21400 Aisey-sur-Seine
13%
21230 Allerey
13%
21450 Ampilly-les-Bordes
13%
21400 Ampilly-le-Sec
13%
21230 Antigny-la-Ville
13%
21500 Arrans
13%
21500 Asnières-en-Montagne
13%
21380 Asnières-lès-Dijon
13%
21130 Athée
13%
21500 Athie
13%
21360 Aubaine
13%
21170 Aubigny-en-Plaine
13%
21340 Aubigny-la-Ronce
13%
21570 Autricourt
13%
21250 Auvillars-sur-Saône
13%
21360 Auxant
13%
21190 Auxey-Duresses
13%
21120 Avelanges
13%
21350 Avosnes
13%
21580 Avot
13%
21700 Bagnot
13%
21450 Baigneux-les-Juifs
13%
21330 Balot
13%
21430 Bard-le-Régulier
13%
21460 Bard-lès-Époisses
13%
21910 Barges
13%
21580 Barjon
13%
21340 Baubigny
13%
21510 Beaulieu
13%
21510 Beaunotte
13%
21110 Beire-le-Fort
13%
21570 Belan-sur-Ource
13%
21490 Bellefond
13%
21510 Bellenod-sur-Seine
13%
21320 Bellenot-sous-Pouilly
13%
21290 Beneuvre
13%
21500 Benoisey
13%
21360 Bessey-en-Chaume
13%
21360 Bessey-la-Cour
13%
21110 Bessey-lès-Cîteaux
13%
21068 Beurey-Bauguay
13%
21350 Beurizot
13%
21220 Bévy
13%
21130 Billey
13%
21450 Billy-lès-Chanceaux
13%
21520 Bissey-la-Côte
13%
21330 Bissey-la-Pierre
13%
21310 Blagny-sur-Vingeanne
13%
21320 Blancey
13%
21430 Blanot
13%
21440 Bligny-le-Sec
13%
21700 Boncourt-le-Bois
13%
21250 Bonnencontre
13%
21520 Boudreville
13%
21360 Bouhey
13%
21420 Bouilland
13%
21330 Bouix
13%
21250 Bousselange
13%
21260 Boussenois
13%
21350 Boussey
13%
21690 Boux-sous-Salmaise
13%
21350 Brain
13%
21390 Braux
13%
21430 Brazey-en-Morvan
13%
21470 Brazey-en-Plaine
13%
21400 Brémur-et-Vaurois
13%
21110 Bretenière
13%
21490 Bretigny
13%
21390 Brianny
13%
21570 Brion-sur-Ource
13%
21490 Brognon
13%
21400 Buncey
13%
21290 Bure-les-Templiers
13%
21510 Busseaut
13%
21580 Busserotte-et-Montenaille
13%
21580 Bussières
13%
21360 Bussière-sur-Ouche
13%
21540 Bussy-la-Pesle
13%
21150 Bussy-le-Grand
13%
21290 Buxerolles
13%
21430 Censerey
13%
21330 Cérilly
13%
21110 Cessey-sur-Tille
13%
21320 Chailly-sur-Armançon
13%
21290 Chambain
13%
21400 Chamesson
13%
21310 Champagne-sur-Vingeanne
13%
21440 Champagny
13%
21130 Champdôtre
13%
21210 Champeau-en-Morvan
13%
21230 Champignolles
13%
21690 Champrenault
13%
21440 Chanceaux
13%
21330 Channay
13%
21690 Charencey
13%
21140 Charigny
13%
21170 Charrey-sur-Saône
13%
21400 Charrey-sur-Seine
13%
21190 Chassagne-Montrachet
13%
21150 Chassey
13%
21320 Châtellenot
13%
21360 Chaudenay-la-Ville
13%
21360 Chaudenay-le-Château
13%
21290 Chaugey
13%
21520 Chaume
13%
21610 Chaume-et-Courchamp
13%
21450 Chaume-lès-Baigneux
13%
21400 Chaumont-le-Bois
13%
21320 Chazilly
13%
21400 Chemin-d'Aisey
13%
21540 Chevannay
13%
21220 Chevannes
13%
21200 Chevigny-en-Valière
13%
21820 Chivres
13%
21200 Chorey-les-Beaune
13%
21490 Clénay
13%
21700 Comblanchien
13%
21250 Corberon
13%
21190 Corcelles-les-Arts
13%
21250 Corgengoux
13%
21700 Corgoloin
13%
21160 Couchey
13%
21140 Courcelles-lès-Semur
13%
21560 Couternon
13%
21320 Créancey
13%
21310 Cuiserey
13%
21220 Curley
13%
21121 Darois
13%
21220 Détain-et-Bruant
13%
21120 Diénay
13%
21270 Drambon
13%
21110 Échigey
13%
21270 Étevaux
13%
21600 Fénay
13%
21640 Flagey-Echézeaux
13%
21130 Flammerans
13%
21160 Flavignerot
13%
21410 Fleurey-sur-Ouche
13%
21390 Fontangy
13%
21120 Gemeaux
13%
21410 Gergueil
13%
21410 Gissey-sur-Ouche
13%
21540 Grosbois-en-Montagne
13%
21121 Hauteville-lès-Dijon
13%
21110 Izeure
13%
21250 Jallanges
13%
21310 Jancigny
13%
21110 Labergement-Foigney
13%
21820 Labergement-lès-Seurre
13%
21370 Lantenay
13%
21440 Léry
13%
21430 Liernais
13%
21110 Longchamp
13%
21170 Losne
13%
21120 Lux
13%
21700 Magny-lès-Villers
13%
21110 Magny-sur-Tille
13%
21410 Mâlain
13%
21270 Marandeuil
13%
21350 Marcellois
13%
21320 Martrois
13%
21400 Massingy
13%
21190 Mavilly-Mandelot
13%
21540 Mesmont
13%
21200 Meursanges
13%
21230 Mimeure
13%
21270 Montmançon
13%
21220 Morey-Saint-Denis
13%
21390 Nan-sous-Thil
13%
21310 Noiron-sur-Bèze
13%
21340 Nolay
13%
21260 Orville
13%
21600 Ouges
13%
21360 Painblanc
13%
21540 Panges
13%
21370 Pasques
13%
21120 Pichanges
13%
21140 Pont-et-Massène
13%
21410 Prâlon
13%
21390 Précy-sous-Thil
13%
21700 Premeaux-Prissey
13%
21540 Remilly-en-Montagne
13%
21560 Remilly-sur-Tille
13%
21310 Renève
13%
21110 Rouvres-en-Plaine
13%
21200 Ruffey-lès-Beaune
13%
21490 Ruffey-lès-Echirey
13%
21540 Saint-Anthot
13%
21190 Saint-Aubin
13%
21210 Saint-Didier
13%
21410 Sainte-Marie-sur-Ouche
13%
21320 Sainte-Sabine
13%
21410 Saint-Jean-de-Bœuf
13%
21270 Saint-Léger-Triey
13%
21220 Saint-Philibert
13%
21270 Saint-Sauveur
13%
21410 Saint-Victor-sur-Ouche
13%
21380 Saussy
13%
21380 Savigny-le-Sec
13%
21540 Savigny-sous-Mâlain
13%
21910 Savouges
13%
21110 Soirans
13%
21690 Source-Seine
13%
21270 Talmay
13%
21310 Tanay
13%
21120 Tarsul
13%
21220 Ternant
13%
21110 Thorey-en-Plaine
13%
21350 Thorey-sous-Charny
13%
21130 Tillenay
13%
21310 Trochères
13%
21220 Urcy
13%
21220 Valforêt
13%
21370 Velars-sur-Ouche
13%
21150 Venarey-les-Laumes
13%
21350 Vesvres
13%
21360 Veuvey-sur-Ouche
13%
21390 Vic-sous-Thil
13%
21270 Vielverge
13%
21200 Vignoles
13%
21130 Villers-les-Pots
13%
Vix
13%
Vosne-Romanée
13%
21270 Cirey-lès-Pontailler
0%
21390 Clamerey
0%
21270 Cléry
0%
21230 Clomot
0%
21110 Collonges-et-Premières
0%
21220 Collonges-lès-Bévy
0%
21360 Colombier
0%
21200 Combertault
0%
21320 Commarin
0%
21340 Cormot-Vauchignon
0%
21190 Corpeau
0%
21150 Corpoyer-la-Chapelle
0%
21460 Corrombles
0%
21460 Corsaint
0%
21400 Coulmier-le-Sec
0%
21520 Courban
0%
21460 Courcelles-Frémoy
0%
21500 Courcelles-lès-Montbard
0%
21580 Courlon
0%
21120 Courtivron
0%
21120 Crécey-sur-Tille
0%
21500 Crépand
0%
21360 Crugey
0%
21230 Culètre
0%
21380 Curtil-Saint-Seine
0%
21220 Curtil-Vergy
0%
21580 Cussey-les-Forges
0%
21360 Cussy-la-Colonne
0%
21230 Cussy-le-Châtel
0%
21350 Dampierre-en-Montagne
0%
21310 Dampierre-et-Flée
0%
21150 Darcey
0%
21430 Diancey
0%
21390 Dompierre-en-Morvan
0%
21540 Drée
0%
21510 Duesme
0%
21190 Ébaty
0%
21510 Échalot
0%
21540 Échannay
0%
21170 Échenon
0%
21120 Échevannes
0%
21420 Échevronne
0%
21360 Écutigny
0%
21320 Éguilly
0%
21380 Épagny
0%
21220 Épernay-sous-Gevrey
0%
21500 Éringes
0%
21170 Esbarres
0%
21290 Essarois
0%
21320 Essey
0%
21500 Étais
0%
21510 Étalante
0%
21220 Étang-Vergy
0%
21121 Étaules
0%
21450 Étormay
0%
21400 Étrochey
0%
21500 Fain-lès-Montbard
0%
21500 Fain-lès-Moutiers
0%
21110 Fauverney
0%
21290 Faverolles-lès-Lucey
0%
21230 Fête
0%
21490 Flacey
0%
21130 Flagey-lès-Auxonne
0%
21230 Foissy
0%
21260 Foncegrive
0%
21450 Fontaines-en-Duesmois
0%
21330 Fontaines-les-Sèches
0%
21610 Fontenelle
0%
21460 Forléans
0%
21580 Fraignot-et-Vesvrotte
0%
21440 Francheville
0%
21170 Franxault
0%
21120 Frénois
0%
21500 Fresnes
0%
21150 Frôlois
0%
21700 Fussey
0%
21140 Genay
0%
21700 Gerland
0%
21520 Gevrolles
0%
21640 Gilly-lès-Cîteaux
0%
21350 Gissey-le-Vieil
0%
21150 Gissey-sous-Flavigny
0%
21250 Glanon
0%
21400 Gomméville
0%
21520 Goulles
0%
21580 Grancey-le-Château-Neuvelle
0%
21570 Grancey-sur-Ource
0%
21540 Grenant-lès-Sombernon
0%
21150 Grésigny-Sainte-Reine
0%
21150 Grignon
0%
21330 Griselles
0%
21250 Grosbois-lès-Tichey
0%
21290 Gurgy-la-Ville
0%
21290 Gurgy-le-Château
0%
21150 Hauteroche
0%
21270 Heuilley-sur-Saône
0%
21110 Izier
0%
21150 Jailly-les-Moulins
0%
21460 Jeux-lès-Bard
0%
21230 Jouey
0%
21450 Jours-lès-Baigneux
0%
21210 Juillenay
0%
21140 Juilly
0%
21130 Labergement-lès-Auxonne
0%
21250 Labruyère
0%
21230 Lacanche
0%
21210 Lacour-d'Arcenay
0%
21330 Laignes
0%
21440 Lamargelle
0%
21250 Lanthes
0%
21140 Lantilly
0%
21170 Laperrière-sur-Saône
0%
21330 Larrey
0%
21250 Lechâtelet
0%
21290 Leuglay
0%
21200 Levernois
0%
21610 Licey-sur-Vingeanne
0%
21520 Lignerolles
0%
21110 Longeault-Pluvault
0%
21110 Longecourt-en-Plaine
0%
21230 Longecourt-lès-Culêtre
0%
21520 Louesme
0%
21150 Lucenay-le-Duc
0%
21290 Lucey
0%
21360 Lusigny-sur-Ouche
0%
21320 Maconge
0%
21230 Magnien
0%
21450 Magny-Lambert
0%
21140 Magny-la-Ville
0%
21170 Magny-lès-Aubigny
0%
21130 Magny-Montarlot
0%
21130 Maillys
0%
21400 Maisey-le-Duc
0%
21230 Maligny
0%
21430 Manlay
0%
21330 Marcenay
0%
21430 Marcheseuil
0%
21390 Marcigny-sous-Thil
0%
21350 Marcilly-et-Dracy
0%
21320 Marcilly-Ogny
0%
21120 Marcilly-sur-Tille
0%
21700 Marey-lès-Fussey
0%
21120 Marey-sur-Tille
0%
21150 Marigny-le-Cahouët
0%
21200 Marigny-lès-Reullée
0%
21110 Marliens
0%
21500 Marmagne
0%
21380 Marsannay-le-Bois
0%
21140 Massingy-lès-Semur
0%
21350 Massingy-lès-Vitteaux
0%
21510 Mauvilly
0%
21270 Maxilly-sur-Saône
0%
21320 Meilly-sur-Rouvres
0%
21580 Meix
0%
21190 Meloisey
0%
21290 Menesble
0%
21430 Ménessaire
0%
21150 Ménétreux-le-Pitois
0%
21190 Merceuil
0%
21380 Messigny-et-Vantoux
0%
21700 Meuilley
0%
21510 Meulson
0%
21140 Millery
0%
21510 Minot
0%
21210 Missery
0%
21510 Moitron
0%
21330 Molesme
0%
21340 Molinot
0%
21120 Moloy
0%
21210 Molphey
0%
21200 Montagny-lès-Beaune
0%
21250 Montagny-lès-Seurre
0%
21460 Montberthault
0%
21360 Montceau-et-Écharnant
0%
21190 Monthelie
0%
21500 Montigny-Montfort
0%
21610 Montigny-Mornay-Villeneuve-sur-Vingeanne
0%
21390 Montigny-Saint-Barthélemy
0%
21140 Montigny-sur-Armançon
0%
21520 Montigny-sur-Aube
0%
21210 Montlay-en-Auxois
0%
21400 Montliot-et-Courcelles
0%
21250 Montmain
0%
21290 Montmoyen
0%
21540 Montoillot
0%
21170 Montot
0%
21320 Mont-Saint-Jean
0%
21400 Mosson
0%
21210 Motte-Ternant
0%
21500 Moutiers-Saint-Jean
0%
21230 Musigny
0%
21150 Mussy-la-Fosse
0%
21190 Nantoux
0%
21330 Nesle-et-Massoult
0%
21800 Neuilly-Crimolois
0%
21330 Nicey
0%
21400 Nod-sur-Seine
0%
21500 Nogent-lès-Montbard
0%
21390 Noidan
0%
21910 Noiron-sous-Gevrey
0%
21400 Noiron-sur-Seine
0%
21490 Norges-la-Ville
0%
21390 Normier
0%
21400 Obtrée
0%
21450 Oigny
0%
21310 Oisilly
0%
21610 Orain
0%
21490 Orgeux
0%
21510 Origny
0%
21450 Orret
0%
21250 Pagny-la-Ville
0%
21250 Pagny-le-Château
0%
21440 Pellerey
0%
21420 Pernand-Vergelesses
0%
21160 Perrigny-lès-Dijon
0%
21270 Perrigny-sur-l'Ognon
0%
21500 Planay
0%
21110 Pluvet
0%
21330 Poinçon-lès-Larrey
0%
21440 Poiseul-la-Grange
0%
21450 Poiseul-la-Ville-et-Laperrière
0%
21120 Poiseul-lès-Saulx
0%
21130 Poncey-lès-Athée
0%
21440 Poncey-sur-l'Ignon
0%
21350 Posanges
0%
21400 Pothières
0%
21150 Pouillenay
0%
21610 Pouilly-sur-Vingeanne
0%
21400 Prusly-sur-Ource
0%
21400 Puits
0%
21190 Puligny-Montrachet
0%
21510 Quemigny-sur-Seine
0%
21500 Quincerot
0%
21700 Quincey
0%
21500 Quincy-le-Vicomte
0%
21290 Recey-sur-Ource
0%
21220 Reulle-Vergy
0%
21570 Riel-les-Eaux
0%
21530 Roche-en-Brenil
0%
21510 Rochefort-sur-Brévon
0%
21340 Rochepot
0%
21150 Roche-Vanneau
0%
21390 Roilly
0%
21500 Rougemont
0%
21530 Rouvray
0%
21320 Rouvres-sous-Meilly
0%
21260 Sacquenay
0%
21350 Saffres
0%
21530 Saint-Andeux
0%
21700 Saint-Bernard
0%
21290 Saint-Broing-les-Moines
0%
21350 Sainte-Colombe-en-Auxois
0%
21400 Sainte-Colombe-sur-Seine
0%
21200 Sainte-Marie-la-Blanche
0%
21140 Saint-Euphrône
0%
21530 Saint-Germain-de-Modéon
0%
21510 Saint-Germain-le-Rocheux
0%
21500 Saint-Germain-lès-Senailly
0%
21690 Saint-Hélier
0%
21450 Saint-Marc-sur-Seine
0%
21210 Saint-Martin-de-la-Mer
0%
21440 Saint-Martin-du-Mont
0%
21610 Saint-Maurice-sur-Vingeanne
0%
21540 Saint-Mesmin
0%
21700 Saint-Nicolas-lès-Cîteaux
0%
21230 Saint-Pierre-en-Vaux
0%
21230 Saint-Prix-lès-Arnay
0%
21500 Saint-Rémy
0%
21130 Saint-Seine-en-Bâche
0%
21440 Saint-Seine-l'Abbaye
0%
21610 Saint-Seine-sur-Vingeanne
0%
21170 Saint-Symphorien-sur-Saône
0%
21350 Saint-Thibault
0%
21170 Saint-Usage
0%
21580 Salives
0%
21690 Salmaise
0%
21170 Samerey
0%
21340 Santosse
0%
21910 Saulon-la-Chapelle
0%
21910 Saulon-la-Rue
0%
21120 Saulx-le-Duc
0%
21360 Saussey
0%
21430 Savilly
0%
21500 Savoisy
0%
21310 Savolles
0%
21220 Segrois
0%
21150 Seigny
0%
21320 Semarey
0%
21450 Semond
0%
21500 Senailly
0%
21530 Sincey-lès-Rouvray
0%
21270 Soissons-sur-Nacey
0%
21140 Souhey
0%
21350 Soussey-sur-Brionne
0%
21120 Spoy
0%
21430 Sussey
0%
21190 Tailly
0%
21110 Tart
0%
21110 Tart-le-Bas
0%
21270 Tellecey
0%
21290 Terrefondrée
0%
21150 Thenissey
0%
21570 Thoires
0%
21210 Thoisy-la-Berchère
0%
21320 Thoisy-le-Désert
0%
21360 Thomirey
0%
21360 Thorey-sur-Ouche
0%
21460 Thoste
0%
21340 Thury
0%
21250 Tichey
0%
21460 Torcy-et-Pouligny
0%
21500 Touillon
0%
21460 Toutry
0%
21130 Tréclun
0%
21170 Trouhans
0%
21440 Trouhaut
0%
21250 Trugny
0%
21540 Turcey
0%
21350 Uncey-le-Franc
0%
21140 Val-Larrey
0%
21340 Val-Mont
0%
21121 Val-Suzon
0%
21320 Vandenesse-en-Auxois
0%
21400 Vannaire
0%
21400 Vanvey
0%
21110 Varanges
0%
21440 Vaux-Saules
0%
21360 Veilly
0%
21350 Velogny
0%
21330 Verdonnet
0%
21260 Vernois-lès-Vesvres
0%
21120 Vernot
0%
21260 Véronnes
0%
21540 Verrey-sous-Drée
0%
21690 Verrey-sous-Salmaise
0%
21330 Vertault
0%
21520 Veuxhaulles-sur-Aube
0%
21430 Vianges
0%
21140 Vic-de-Chassenay
0%
21360 Vic-des-Prés
0%
21540 Vieilmoulin
0%
21460 Vieux-Château
0%
21310 Viévigne
0%
21230 Viévy
0%
21450 Villaines-en-Duesmois
0%
21500 Villaines-les-Prévôtes
0%
21210 Villargoix
0%
21140 Villars-et-Villenotte
0%
21700 Villars-Fontaine
0%
21350 Villeberny
0%
21700 Villebichot
0%
21120 Villecomte
0%
21330 Villedieu
0%
21350 Villeferry
0%
21450 Villeneuve-les-Convers
0%
21140 Villeneuve-sous-Charigny
0%
21400 Villers-Patras
0%
21130 Villers-Rotin
0%
21120 Villey-sur-Tille
0%
Villiers-en-Morvan
0%
Villiers-le-Duc
0%
Villotte-Saint-Seine
0%
Villotte-sur-Ource
0%
Villy-en-Auxois
0%
Villy-le-Moutier
0%
Viserny
0%
Volnay
0%
Vonges
0%
Voudenay
0%
Voulaines-les-Templiers
0%
Aucun quiz correspondant
Distribution des résultats
% des personnes avec chaque résultat
Percentile par nombre de réponses
Votre historique - résultats
Vous n’avez pas pris ce quiz